Atamansha: the Story of Maria Nikiforova - the Anarchist Joan of Arc (Запис № 284796)
[ простий вигляд ]
| 000 -Лідер | |
|---|---|
| fixed length control field | 01405nam a22002657a 4500 |
| 001 - Контрольний номер | |
| control field | 216218937 |
| 003 - Ідентифікатор контрольного номера | |
| control field | UA-OsUOA |
| 005 - Дата та час останнього входження (трансакції) | |
| control field | 20220515221357.0 |
| 008 - Елементи даних фіксованої довжини – загальна інформація | |
| fixed length control field | 200803b -cnaco|g |||| 00| 0deng d |
| 020 ## - Міжнародний стандартний книжковий номер (ISBN) | |
| Міжнародний стандартний книжковий номер (ISBN) (НП) | 9780973782707 |
| 040 ## - Джерело каталогізації | |
| Агенція оригінальної каталогізації | UA-OsUOA |
| Мова каталогізації | ukr |
| Агенція, яка здійснювала перезапис | UA-OsUOA |
| Агенція, яка здійснювала модифікацію | UA-OsUOA |
| 041 ## - Код мови | |
| Код мови тексту/ звукової доріжки чи окремого заголовка (П) | eng |
| 080 ## - Індекс Універсальної десяткової класифікації | |
| Індекс Універсальної десяткової класифікації (УДК) (НП) | 94(477) |
| 090 ## - Локальний шифр розміщення | |
| Авторський знак (НП) | A71 |
| Класифікаційний індекс УДК | 94(477) |
| 100 ## - Основне введення – ім’я особи | |
| Ім’я особи (НП) | Archibald M. |
| 245 ## - Відомості про назву | |
| Назва (НП) | Atamansha: the Story of Maria Nikiforova - the Anarchist Joan of Arc |
| Дані про відповідальність (НП) | Malcolm Archibald |
| 250 ## - Відомості про видання (редакцію) | |
| Відомості про видання (редакцію) (НП) | First published |
| 260 ## - Публікація, розповсюдження і т.п. (Вихідні дані) | |
| Місце публікації, розповсюдження і т.п. (П) | Edmonton |
| Ім’я/ наймення видавництва, розповсюджувача і т.п. (П) | Black Cat Press |
| Дата публікації, розповсюдження і т.п. (П) | 2007 |
| 300 ## - Фізичний опис | |
| Обсяг | 47 p. |
| 520 ## - Резюме і т.п. | |
| Резюме, реферат, анотація, тощо (НП) | The Ukrainian anarchist Maria Nikiforova (1885-1919) rose from the slums of industrial Alexandrovsk to become a ferocious terrorist and military commander who sacrificed everything for the cause of the Russian Revolution. A revolutionary from the age of sixteen, she fought for freedom of the oppressed on three continents, ended up on trial for her life on at least four occasions, and was sentenced to death twice. Her exploits became the stuff of folklore, but she was "blacklisted" by official historians and her story was lost for generations. Now, thanks to the good folks at Black Cat Press, her story is available again - and in English! |
| 650 ## - Додаткове предметне введення – тематичний термін | |
| Тематичний термін чи географічна назва, як елемент введення (НП) | 94(477) Історія України |
| Джерело заголовка чи терміна | UDC |
| 942 ## - Додаткові елементи входу (Коха) | |
| Source of classification or shelving scheme | Universal Decimal Classification |
| Тип елемента Koha | Книги |
| 955 ## - Код типу видання за змістом | |
| Код типу видання за змістом (НП) | Науково-популярні видання |
| Стан вилучень | Стан втрат | Джерело класифікації або схеми стелажів | Стан уражень | Не для кредиту | Код колекції | Постійне місце розташування | Поточне розміщення | Дата придбання | Джерело придбання | Вартість, звичайна ціна покупки | Повний номер виклику | Штрих-код | Дата останнього перегляду | Вартість, ціна заміни | Ціна ефективна від | Тип елемента Koha | Примітка, призначена для загального доступу |
|---|---|---|---|---|---|---|---|---|---|---|---|---|---|---|---|---|---|
| Universal Decimal Classification | Paul Gordon Brodoway Collection | ВІЛ - Відділ іноземн. літератури НБ | ВІЛ - Відділ іноземн. літератури НБ | 22/11/2011 | Акт №02/11 | 3.00 | 94(477) A71 | 214744 | 15/11/2021 | 3.00 | 22/11/2011 | Книги | Дарувальник Бродовей Пол Гордон |